College typewriting Complete course / (Record no. 617285)
[ view plain ]
| 000 -LEADER | |
|---|---|
| fixed length control field | 00404nam a22001457a 4500 |
| 020 ## - INTERNATIONAL STANDARD BOOK NUMBER | |
| Qualifying information | HB. |
| 040 ## - CATALOGING SOURCE | |
| Transcribing agency | Fizza Ishaq |
| 082 ## - DEWEY DECIMAL CLASSIFICATION NUMBER | |
| Classification number | 954.9205 |
| Author Mark | COL |
| 100 ## - MAIN ENTRY--PERSONAL NAME | |
| Personal name | lessenberry, d-d. |
| 9 (RLIN) | 134311 |
| 245 ## - TITLE STATEMENT | |
| Title | College typewriting Complete course / |
| Statement of responsibility, etc. | d-d-lessenberry. |
| 250 ## - EDITION STATEMENT | |
| Edition statement | 9th Ed. |
| 260 ## - PUBLICATION, DISTRIBUTION, ETC. | |
| Place of publication, distribution, etc. | New York : |
| Name of publisher, distributor, etc. | South-western Pub. Co, |
| Date of publication, distribution, etc. | 1975. |
| 300 ## - PHYSICAL DESCRIPTION | |
| Extent | 191 p, ; |
| Dimensions | 11.2 x 8.5 x 1 inches |
| 942 ## - ADDED ENTRY ELEMENTS (KOHA) | |
| Source of classification or shelving scheme | |
| Koha item type | Book |
| Withdrawn status | Lost status | Source of classification or shelving scheme | Damaged status | Not for loan | Permanent Location | Current Location | Date acquired | Total Checkouts | Full call number | Barcode | Date last seen | Price effective from | Koha item type |
|---|---|---|---|---|---|---|---|---|---|---|---|---|---|
| NUST Baluchistan Campus (NBC) | NUST Baluchistan Campus (NBC) | 05/04/2026 | 954.9205 COL | QD-588 | 05/04/2026 | 05/04/2026 | Book |
